Score 0/134 Timer 05:00
3 Plays Today
Year Name % Correct
1979Andrew
88.7%
1980Andrew
88.7%
2006Andrew
88.7%
2005Andrew
88.7%
2004Andrew
88.7%
2003Andrew
88.7%
2002Andrew
88.7%
2001Andrew
88.7%
2000Andrew
88.7%
1999Andrew
88.7%
1998Andrew
88.7%
1997Andrew
88.7%
1994Andrew
88.7%
1993Andrew
88.7%
1992Andrew
88.7%
1990Andrew
88.7%
1991Andrew
88.7%
1989Andrew
88.7%
1988Andrew
88.7%
1987Andrew
88.7%
1986Andrew
88.7%
1984Andrew
88.7%
1983Andrew
88.7%
1982Andrew
88.7%
1981Andrew
88.7%
1985Andrew
88.7%
2008Alexander
76.7%
2010Alexander
76.6%
2009Alexander
76.7%
2012Alexander
76.6%
2011Alexander
76.6%
2013Alexander
76.4%
1880Arthur
72.3%
1881Arthur
72.3%
1940Arthur
72.3%
1930Arthur
72.3%
1920Arthur
72.3%
1900Arthur
72.3%
1890Arthur
72.3%
1882Arthur
72.3%
1883Arthur
72.3%
1884Arthur
72.3%
1885Arthur
72.3%
1886Arthur
72.3%
1887Arthur
72.3%
Year Name % Correct
1888Arthur
72.3%
1889Arthur
72.3%
1891Arthur
72.3%
1892Arthur
72.3%
1893Arthur
72.3%
1894Arthur
72.3%
1895Arthur
72.3%
1896Arthur
72.3%
1897Arthur
72.3%
1988Arthur
72.3%
1989Arthur
72.3%
1901Arthur
72.3%
1902Arthur
72.3%
1903Arthur
72.3%
1904Arthur
72.3%
1906Arthur
72.3%
1912Arthur
72.3%
1917Arthur
72.3%
1918Arthur
72.3%
1921Arthur
72.3%
1922Arthur
72.3%
1923Arthur
72.3%
1924Arthur
72.3%
1925Arthur
72.3%
1926Arthur
72.3%
1927Arthur
72.3%
1928Arthur
72.3%
1929Arthur
72.3%
1931Arthur
72.3%
1932Arthur
72.3%
1933Arthur
72.3%
1934Arthur
72.3%
1935Arthur
72.3%
1936Arthur
72.3%
1937Arthur
72.3%
1938Arthur
72.3%
1939Arthur
72.3%
1941Arthur
72.3%
1942Arthur
72.3%
1943Arthur
72.3%
1944Arthur
72.3%
1945Arthur
72.3%
1946Arthur
72.3%
1947Arthur
72.3%
1948Anthony
69.6%
Year Name % Correct
1949Anthony
69.6%
2007Anthony
69.6%
1978Anthony
69.6%
1977Anthony
69.6%
1975Anthony
69.6%
1973Anthony
69.6%
1976Anthony
69.6%
1971Anthony
69.6%
1970Anthony
69.6%
1972Anthony
69.6%
1974Anthony
69.6%
1969Anthony
69.6%
1968Anthony
69.6%
1967Anthony
69.6%
1966Anthony
69.6%
1965Anthony
69.6%
1964Anthony
69.6%
1962Anthony
69.6%
1963Anthony
69.6%
1961Anthony
69.6%
1960Anthony
69.6%
1959Anthony
69.6%
1958Anthony
69.6%
1957Anthony
69.6%
1956Anthony
69.6%
1955Anthony
69.6%
1954Anthony
69.6%
1953Anthony
69.6%
1952Anthony
69.6%
1951Anthony
69.6%
1950Anthony
69.6%
1910Albert
59.7%
1905Albert
59.7%
1907Albert
59.7%
1908Albert
59.7%
1909Albert
59.7%
1911Albert
59.7%
1913Albert
59.7%
1914Albert
59.7%
1915Albert
59.7%
1916Albert
59.7%
1919Albert
59.7%
1995Austin
33%
1996Austin
33%
Remove Ads.
Support Sporcle.
Get the best of Sporcle when you Go Orange. This ad-free experience offers more features, more stats, and more fun while also helping to support Sporcle. Thank you for becoming a member.

You're not logged in!

Compare scores with friends on all Sporcle quizzes.
OR
Log In

Show Comments

Extras

Top Quizzes Today


Score Distribution

Your Account Isn't Verified!

In order to create a playlist on Sporcle, you need to verify the email address you used during registration. Go to your Sporcle Settings to finish the process.

Report this User

Report this user for behavior that violates our Community Guidelines.

Details: